Os novos padres (Record no. 46178)

MARC details
000 -Etiqueta do registo
Valores 00511cam a22001811 4500
100 ## - Dados gerais de processamento
Dados gerais 19950817d1965 m y0pory5003 ba
102 ## - País de publicação
País Portugal
200 1# - Titulo e menção de responsabilidade
Título próprio Os novos padres
Primeira menção de responsabilidade Michel de Saint Pierre
Outras menções de responsabilidade trad. de Ângela Martha
210 #9 - Publicação
Local de publicação Lisboa
Nome do editor Livraria Clássica
Data de publicação 1965
215 ## - Descrição física 
Paginação / Volumes 353 p., 1 f.
Dimensões 19 cm
225 2# - Colecção 
Título próprio da colecção Orbe
Indicação de volume 31
304 ## - Nota relativa ao título
Texto de nota Tít. orig. : Les nouveaux prétes
700 #1 - Autor principal (pessoa individual)
Apelido Saint Pierre,
Nome Michel de,
Datas 1916-
702 #1 - Autor secundário (pessoa individual)
Apelido Marta,
Nome Angela
801 #0 - Fonte de origem
País PT
Agência BN
Regras de catalogação RPC
990 ## - Elementos KOHA
Tipo de documento Livro
Holdings
Estado Biblioteca de origem Código de barras Cota Permissão de empréstimo Tipo de documento Nota relativa ao exemplar Empréstimo Forma de aquisição
  Biblioteca Municipal de Redondo 057279 821.133.1-3 SAI   Livro oferta de Franklim Amaro Cabreirinha Biblioteca Municipal de Redondo  

Powered by Koha